[Event "It (open) \"]
[Site "masterchessopen.com – St. Petersburg (Russia)"]
[Round "9"]
[White "Korotylev Alexey (RUS)"]
[Black "Polovodin Igor A (RUS)"]
[Result "1-0"]
[WhiteElo "2577"]
[BlackElo "2453"]

1.d4 Nf6 2.c4 g6 3.Nc3 d5 4.Nf3 Bg7 5.Qb3 dxc4 6.Qxc4 O-O 7.e4 Na6 8.Be2 c5
9.d5 e6 10.O-O exd5 11.exd5 b6 12.Qh4 Nxd5 13.Bg5 Qd7 14.Rad1 Nxc3 15.bxc3 Qc6
16.Be7 Bb7 17.Bxf8 Rxf8 18.Rd8 Nc7 19.Rxf8+ Bxf8 20.Bc4 Nd5 21.Rd1 Nxc3 22.Qf4
Qe8 23.Ne5 Kg7 24.Rd7 Bd5 25.Qe3 Nd1 26.Qe2 Nc3 27.Qe1 {#r} 1-0

[Event "Cup Russia (open)"]
[Site "masterchessopen.com – Toljatti (Russia)"]
[Round "5"]
[White "Karpeshov Oleg (RUS)"]
[Black "Yandemirov Valeri (RUS)"]
[Result "0-1"]
[WhiteElo "2410"]
[BlackElo "2486"]

1.d4 Nf6 2.c4 g6 3.Nc3 d5 4.Nf3 Bg7 5.Qb3 dxc4 6.Qxc4 O-O 7.e4 Na6 8.e5 Nd7
9.e6 fxe6 10.Be3 Nb6 11.Qb3 Qd6 12.Be2 c5 13.Rd1 c4 14.Bxc4 Nxc4 15.Qxc4 Bd7
16.Ne5 Bc6 17.O-O Bd5 18.Qe2 Nb4 19.a3 Nc6 20.f4 Bb3 21.Rd2 Na5 22.h4 Rac8
23.h5 Bc4 24.Nxc4 Nxc4 25.hxg6 Nxd2 26.gxh7+ Kh8 27.Qxd2 Rc4 28.Rd1 Qc6 29.Qd3
Rd8 30.Qg6 Qe8 31.Qxe6 Rc6 32.Qe4 Qh5 33.f5 Rxc3 {#R} 0-1

[Event "It (open)"]
[Site "masterchessopen.com – Bad Wiessee (Germany)"]
[Date "2001.10.30"]
[Round "4"]
[White "Muehlbach Peter (GER)"]
[Black "Puth Dieter (GER)"]
[Result "0-1"]
[WhiteElo "2110"]
[BlackElo "2200"]

1.d4 Nf6 2.c4 g6 3.Nc3 d5 4.Nf3 Bg7 5.Qb3 dxc4 6.Qxc4 O-O 7.e4 Na6 8.Be2 c5
9.d5 e6 10.O-O exd5 11.exd5 Re8 12.Bf4 Bf5 13.Be5 Nxd5 14.Rad1 Bxe5 15.Rxd5
Qf6 16.Nxe5 Rxe5 17.Rxe5 Qxe5 18.Bf3 Rb8 19.Bxb7 Rxb7 20.Qxa6 Rxb2 21.Nd1 Rd2
22.Ne3 Bd3 23.Qa5 Qb2 24.Re1 Qb4 25.Qd8+ Kg7 26.Qe7 Qf4 27.f3 c4 28.Qxa7 c3
29.Nd5 Qh4 30.Rc1 c2 31.Qe3 Rd1+ {#R} 0-1

[Event "It (cat.9)"]
[Site "masterchessopen.com – Budapest (Hungary)"]
[Round "7"]
[White "Hoang Thanh Trang (HUN)"]
[Black "Flumbort Andras (HUN)"]
[Result "0-1"]
[WhiteElo "2445"]
[BlackElo "2443"]

1.d4 Nf6 2.c4 g6 3.Nc3 d5 4.Nf3 Bg7 5.Qb3 dxc4 6.Qxc4 O-O 7.e4 Na6 8.Be2 c5
9.d5 e6 10.O-O exd5 11.exd5 Bf5 12.Bf4 Nd7 13.Rad1 Nb6 14.Qb3 Nb4 15.Rd2 Nd3
16.Bg5 Qd7 17.Nh4 c4 18.Qc2 Nb4 19.Qd1 Bd3 20.Nf3 Rfe8 21.Re1 N6xd5 22.Nxd5
Qxd5 23.Qa4 c3 24.bxc3 Bxc3 25.Red1 Bxd2 26.Bxd3 Nxd3 27.Rxd2 Qxg5 28.Rxd3 Qf6
29.h4 Rad8 30.Rxd8 Rxd8 31.Qxa7 Rd1+ 32.Kh2 Qf4+ {#R} 0-1

[Event "Ch Slovenia"]
[Site "masterchessopen.com – Dobrna (Slovenia)"]
[Round "3"]
[White "Kragelj Igor (SLO)"]
[Black "Sebenik Matej (SLO)"]
[Result "0-1"]
[WhiteElo "2232"]
[BlackElo "2437"]

1.d4 Nf6 2.c4 g6 3.Nc3 d5 4.Nf3 Bg7 5.Qb3 dxc4 6.Qxc4 O-O 7.e4 Na6 8.Be2 c5
9.d5 e6 10.O-O exd5 11.exd5 b6 12.Qh4 Nc7 13.Bg5 h6 14.Bxh6 Nfxd5 15.Bg5 Qd7
16.Nxd5 Qxd5 17.Rfd1 Qe6 18.Rd2 Qg4 19.Qxg4 Bxg4 20.Rad1 Ne6 21.Be3 Rad8 22.b3
Rxd2 23.Rxd2 Rd8 24.Kf1 Bf5 25.Rxd8+ Nxd8 26.Ke1 Nc6 27.Bc4 Bb1 28.a4 Na5
29.Bf4 Ba2 30.Bb8 Bc3+ 31.Kd1 Nxc4 32.bxc4 Bxc4 33.Kc2 Ba5 34.Bxa7 Bd5 {#R}
0-1

[Event "It (active) (qual. Cup World)"]
[Site "masterchessopen.com – Internet"]
[Round "2"]
[White "Palacios Llera Francisco (MEX)"]
[Black "Sandhu Harkamal Singh (IND)"]
[Result "0-1"]
[WhiteElo "2355"]
[BlackElo "2046"]

1.Nf3 Nf6 2.d4 g6 3.c4 Bg7 4.Nc3 d5 5.Qb3 dxc4 6.Qxc4 O-O 7.e4 Na6 8.Be2 c5
9.d5 e6 10.O-O exd5 11.exd5 Bf5 12.Be3 Qb6 13.b3 Ng4 14.Bf4 Rae8 15.Rac1 Bxc3
16.Rxc3 Re4 17.Qb5 Rxf4 18.Rd1 Rd8 19.h3 Nf6 20.Qxb6 axb6 21.d6 Ne4 {#R} 0-1

[Event "Ch Africa (w)"]
[Site "masterchessopen.com – Abuja (Nigeria)"]
[Round "4"]
[White "Houli Asma (ALG)"]
[Black "Glewis Pauline (NGR)"]
[Result "1-0"]
[WhiteElo "2100"]
[BlackElo "1969"]

1.d4 Nf6 2.c4 g6 3.Nc3 d5 4.Nf3 Bg7 5.Qb3 dxc4 6.Qxc4 O-O 7.e4 Na6 8.Be2 c5
9.dxc5 Qa5 10.O-O Qxc5 11.Be3 Qxc4 12.Bxc4 Nb4 13.Bc5 Nc6 14.Bb5 Bd7 15.Rad1
Rfd8 16.Rd2 b6 17.Be3 Na5 18.Rfd1 {#r} 1-0

[Event "Cup Slovakia"]
[Site "masterchessopen.com – Martin (Slovakia)"]
[Round "7"]
[White "Kostelny Jozef (SVK)"]
[Black "Stohl Igor (SVK)"]
[Result "0-1"]
[WhiteElo "2284"]
[BlackElo "2561"]

1.d4 Nf6 2.c4 g6 3.Nf3 Bg7 4.Nc3 d5 5.Qb3 dxc4 6.Qxc4 O-O 7.e4 Na6 8.Be2 c5
9.d5 e6 10.O-O exd5 11.exd5 b6 12.Bg5 h6 13.Bf4 Nb4 14.Rad1 Ba6 15.Qb3 Bxe2
16.Nxe2 Nfxd5 17.a3 Nxf4 18.Nxf4 Qf6 19.Nxg6 Qxg6 20.axb4 Qf6 21.bxc5 bxc5
22.Rd7 Qxb2 23.Qd5 Qf6 24.Rd6 Rfd8 25.Rxd8+ Qxd8 26.Qxc5 a5 27.Ne5 a4 28.Nc6
Qd3 29.Ne7+ Kh8 30.Nf5 a3 31.Nxg7 a2 32.Nf5 a1=Q {#R} 0-1

[Event "It (open) (a)"]
[Site "masterchessopen.com – Paris (France)"]
[Round "5"]
[White "Suez-Panama Gilles (FRA)"]
[Black "Baron Thierry (FRA)"]
[Result "1-0"]
[WhiteElo "2062"]
[BlackElo "2208"]

1.d4 Nf6 2.Nf3 g6 3.c4 Bg7 4.Nc3 d5 5.Qb3 dxc4 6.Qxc4 O-O 7.e4 Na6 8.Be2 c5
9.d5 e6 10.O-O exd5 11.exd5 b6 12.Bg5 Nc7 13.Rad1 h6 14.d6 hxg5 15.dxc7 Qxc7
16.Nxg5 a6 17.Qh4 Bb7 18.f4 Rad8 19.f5 Rxd1 20.Bxd1 gxf5 21.Rxf5 Rc8 22.Bh5
Rf8 23.Bf3 Rd8 24.Rxf6 Bxf6 25.Qh7+ Kf8 26.Ne6+ {#r} 1-0

[Event "Extra League 2002/03"]
[Site "masterchessopen.com – Slovakia"]
[Round "9"]
[White "Babula Vlastimil (CZE)"]
[Black "Meszaros Matyas (HUN)"]
[Result "1-0"]
[WhiteElo "2571"]
[BlackElo "2212"]

1.d4 Nf6 2.c4 g6 3.Nc3 d5 4.Nf3 Bg7 5.Qb3 dxc4 6.Qxc4 O-O 7.e4 Na6 8.Be2 c5
9.d5 e6 10.O-O exd5 11.exd5 Re8 12.Rd1 Bf5 13.d6 Ne4 14.d7 Re7 15.Nxe4 Rxe4
16.Bg5 Bf6 17.Bxf6 Qxf6 18.Qc3 Qxc3 19.d8=Q+ Rxd8 20.Rxd8+ Kg7 21.bxc3 Rxe2
22.Rd2 Re4 23.Re1 Rc4 24.Re3 Nc7 25.Re7 Rxc3 26.h4 Nb5 27.Ng5 Nd4 28.Rxf7+ Kg8
29.Rxb7 a5 30.Rdb2 a4 31.R2b6 Ne2+ 32.Kh2 h6 33.Ra6 {#r} 1-0

[Event "It (open)"]
[Site "masterchessopen.com – Vlissingen (Netherlands)"]
[Round "1"]
[White "Piceu Tom (BEL)"]
[Black "De Wit Gerard (NED)"]
[Result "1-0"]
[WhiteElo "2306"]
[BlackElo "1915"]

1.d4 Nf6 2.c4 g6 3.Nc3 d5 4.Nf3 Bg7 5.Qb3 dxc4 6.Qxc4 O-O 7.e4 Na6 8.Be2 c5
9.d5 e6 10.O-O exd5 11.exd5 Bf5 12.Be3 Re8 13.Rac1 Ne4 14.Rfd1 Rc8 15.d6 Nxc3
16.bxc3 Rc6 17.Ng5 Qf6 18.Bf3 Rb6 19.d7 Rd8 20.Bd5 Rxd7 21.Nxf7 Rxd5 22.Ng5
Nc7 23.Rxd5 Nxd5 24.Qxd5+ Be6 25.Qxc5 Bf8 26.Qc7 {#r} 1-0

[Event "Ch Slovakia (team) 2003/04"]
[Site "masterchessopen.com – Slovakia"]
[Round "8"]
[White "Ftacnik Lubomir (SVK)"]
[Black "Hagara Eduard (SVK)"]
[Result "1-0"]
[WhiteElo "2533"]
[BlackElo "2398"]

1.d4 Nf6 2.Nf3 g6 3.c4 Bg7 4.Nc3 d5 5.Qb3 dxc4 6.Qxc4 O-O 7.e4 Na6 8.Be2 c5
9.d5 e6 10.O-O exd5 11.exd5 Bf5 12.Rd1 Nd7 13.Bg5 Qb6 14.Rd2 Rfe8 15.d6 Nb4
16.Qh4 Nc2 17.Nd5 Qxb2 18.Rad1 f6 19.Ne7+ Kh8 20.Nxf5 gxf5 21.Bd3 fxg5 22.Nxg5
h6 23.Nf7+ Kg8 24.Bxc2 Qb4 25.Nxh6+ {#r} 1-0

[Event "Ch ASEAN (juniors) (under 14)"]
[Site "masterchessopen.com – Vietnam"]
[Round "3"]
[White "Le Quang Liem (VIE)"]
[Black "Nguyen Viet Chung (VIE)"]
[Result "1-0"]
[WhiteElo "2329"]
[BlackElo "2045"]

1.d4 Nf6 2.c4 g6 3.Nc3 d5 4.Nf3 Bg7 5.Qb3 dxc4 6.Qxc4 O-O 7.e4 Na6 8.Be2 c5
9.dxc5 Qa5 10.e5 Be6 11.Qh4 h5 12.Bd2 Ng4 13.Nd5 Qxc5 14.Nxe7+ Kh8 15.Rc1 Qb6
16.h3 Nxe5 17.Nxe5 Bxe5 18.Bxh5 Kg7 19.Qg5 Rh8 20.Qxe5+ f6 21.Qg3 Rxh5
22.Qxg6+ Kf8 23.Qxh5 Kxe7 24.Qh7+ Bf7 25.O-O Nc7 26.Bb4+ {#r} 1-0

[Event "Muensterland Verbandsklasse A 2004/05"]
[Site "masterchessopen.com – Germany"]
[Date "2004.09.11"]
[Round "1"]
[White "Reinhold Klaus Dr (GER)"]
[Black "Darwisch Mohamed (GER)"]
[Result "1-0"]
[WhiteElo "2139"]
[BlackElo "1935"]

1.d4 Nf6 2.c4 g6 3.Nc3 d5 4.Nf3 Bg7 5.Qb3 dxc4 6.Qxc4 O-O 7.e4 Na6 8.Be2 c5
9.d5 e6 10.O-O exd5 11.exd5 Re8 12.Bg5 Bf5 13.Rfd1 Qd6 14.Bf4 Qd8 15.Be5 Rc8
16.Rac1 Bh6 17.Bf4 Bg7 18.d6 Nd7 19.Ng5 Be6 20.Nxe6 Rxe6 21.Bg4 Re8 22.Bg5
Qxg5 23.Bxd7 Nb8 24.Bxe8 Rxe8 25.Qb3 Rd8 26.Qxb7 Bd4 27.Qe7 Bf6 28.Qe3 Qxe3
29.fxe3 Nc6 30.Ne4 Bxb2 31.Rxc5 Ne5 32.d7 Ng4 33.Rc8 {#r} 1-0

[Event "It (open)"]
[Site "masterchessopen.com – Umag (Croatia)"]
[Date "2005.03.25"]
[Round "8"]
[White "Savic Miroslav (CRO)"]
[Black "Richter Boris (CRO)"]
[Result "0-1"]
[WhiteElo "2254"]
[BlackElo "2202"]

1.d4 Nf6 2.c4 g6 3.Nc3 d5 4.Nf3 Bg7 5.Qb3 dxc4 6.Qxc4 O-O 7.e4 Na6 8.Bg5 c5
9.d5 Bg4 10.Nd2 h6 11.Be3 e6 12.h3 exd5 13.exd5 Bd7 14.Be2 Qb6 15.O-O Rfe8
16.Bf3 Rac8 17.a3 Qc7 18.Bf4 Qb6 19.Nde4 Nxe4 20.Nxe4 Bb5 21.Qb3 Bxf1 22.Qxb6
axb6 23.Rxf1 Rcd8 24.Rb1 g5 25.Bh2 Be5 26.Rd1 Bxb2 27.g4 c4 28.Rb1 c3 29.Nf6+
Kg7 30.Nxe8+ Rxe8 {#R} 0-1

[Event "It (cat.1)"]
[Site "masterchessopen.com – Budapest (Hungary)"]
[Date "2005.04.02"]
[Round "1"]
[White "Cherniack Alex (USA)"]
[Black "Katsuhara Osamu (JPN)"]
[Result "1-0"]
[WhiteElo "2225"]
[BlackElo "2133"]

1.d4 Nf6 2.c4 g6 3.Nc3 d5 4.Nf3 Bg7 5.Qb3 dxc4 6.Qxc4 O-O 7.e4 Na6 8.Bf4 c5
9.Rd1 cxd4 10.Rxd4 Qa5 11.e5 Be6 12.Qb5 Qxb5 13.Bxb5 Nh5 14.Be3 Nc5 15.g4 a6
16.Be2 Nd7 17.gxh5 Nxe5 18.Nxe5 Bxe5 19.Rd2 Rfd8 20.a3 f5 21.f4 Bxc3 22.bxc3
Rxd2 23.Kxd2 Bd5 24.Rg1 Kf7 25.Bd4 Rc8 26.h4 Rg8 27.hxg6+ hxg6 28.h5 gxh5
29.Bxh5+ Kf8 30.Rxg8+ Kxg8 31.Bg6 e6 {#r} 1-0

[Event "Ch Ukraine (1/2 final)"]
[Site "masterchessopen.com – Alushta (Ukraine)"]
[Date "2005.05.19"]
[Round "4"]
[White "Derjabin Ilja (UKR)"]
[Black "Nedilko Vasily (UKR)"]
[Result "0-1"]
[WhiteElo "2347"]
[BlackElo "2352"]

1.d4 Nf6 2.c4 g6 3.Nc3 d5 4.Qb3 dxc4 5.Qxc4 Bg7 6.e4 O-O 7.Nf3 Na6 8.e5 Nd7
9.Bg5 c5 10.Rd1 cxd4 11.Qxd4 Qa5 12.Bb5 Nb4 13.O-O Nc6 14.Bxc6 bxc6 15.Rfe1
Re8 16.Qf4 Nf8 17.Qh4 Qc7 18.Bh6 Bxh6 19.Qxh6 Bg4 20.Rd3 Rad8 21.Rde3 Bxf3
22.Rxf3 Rd4 23.h4 Red8 24.g3 Qb7 25.Ne4 Rd1 26.Rxd1 Rxd1+ 27.Kg2 Qb5 28.Nd2
Qxe5 29.Rd3 Qe1 30.Kf3 Qh1+ 31.Kg4 f5+ 32.Kf4 Rxd2 {#R} 0-1

[Event "Ch Vietnam (juniors) (under 20)"]
[Site "masterchessopen.com – Ho Chi Minh City (Vietnam)"]
[Round "7"]
[White "Le Quang Liem (VIE)"]
[Black "Nguyen Viet Chung (VIE)"]
[Result "1-0"]
[WhiteElo "2386"]
[BlackElo "2135"]

1.d4 Nf6 2.Nf3 g6 3.c4 Bg7 4.Nc3 d5 5.Qb3 dxc4 6.Qxc4 O-O 7.e4 Na6 8.Be2 c5
9.d5 e6 10.O-O exd5 11.exd5 b6 12.Qh4 Nb4 13.Bg5 h6 14.Bxh6 Bxh6 15.Qxh6 Nbxd5
16.Nxd5 Qxd5 17.Ng5 Qd4 18.Rad1 Qf4 19.Bf3 Ba6 20.Bxa8 Bxf1 21.Bd5 Bd3
22.Bxf7+ Rxf7 23.Nxf7 Qe4 24.Qd2 c4 25.Ng5 Qf5 26.Re1 Nd5 27.Re8+ Kg7 28.Ne6+
Kh7 29.Rh8+ {#r} 1-0

[Event "Ch Europe (active)"]
[Site "masterchessopen.com – Warsaw (Poland)"]
[Date "2005.12.17"]
[Round "2"]
[White "Gyimesi Zoltan (HUN)"]
[Black "Jaracz Barbara (POL)"]
[Result "1-0"]
[WhiteElo "2624"]
[BlackElo "2281"]

1.d4 Nf6 2.c4 g6 3.Nc3 d5 4.Nf3 Bg7 5.Qb3 dxc4 6.Qxc4 O-O 7.e4 Na6 8.Be2 c5
9.d5 e6 10.O-O exd5 11.exd5 Bf5 12.Be3 Qb6 13.b3 Rfe8 14.Rad1 Rad8 15.Na4 Qa5
16.d6 Ne4 17.Ng5 Nxg5 18.Bxg5 Rd7 19.Qb5 Qb4 20.Qxb4 cxb4 21.Bxa6 bxa6 22.Nc5
h6 23.Nxd7 Bxd7 24.Rfe1 Rxe1+ 25.Rxe1 hxg5 26.Re7 Bb5 27.d7 Bxd7 28.Rxd7 {#r}
1-0

[Event "Ch France (team) (nat.2) 2005/06"]
[Site "masterchessopen.com – France"]
[Date "2006.03.11"]
[Round "8"]
[White "Lebreton Flavien (FRA)"]
[Black "Varlet Nicolas (FRA)"]
[Result "0-1"]
[WhiteElo "1930"]
[BlackElo "2139"]

1.d4 Nf6 2.Nf3 g6 3.c4 Bg7 4.Nc3 d5 5.Qb3 dxc4 6.Qxc4 O-O 7.e4 Na6 8.Be2 c5
9.d5 e6 10.O-O exd5 11.exd5 Bf5 12.Bf4 Re8 13.Rfe1 Nb4 14.Rac1 Nfxd5 15.Rcd1
Be6 16.Ng5 Bd4 17.Nxe6 Rxe6 18.Bg3 Nb6 19.Qb3 Qe7 20.Kf1 Re8 21.Rd2 h5 22.Nb5
h4 23.Nxd4 cxd4 24.Bxh4 Qxh4 25.Qxb4 Qxh2 26.f3 Nd5 {#R} 0-1

[Event "Cup Hamont (cat.3)"]
[Site "masterchessopen.com – Frydek-Mistek (Czech Republic)"]
[Date "2006.04.17"]
[Round "9"]
[White "Lahner Jakub (CZE)"]
[Black "Gajsin Evgenij (RUS)"]
[Result "0-1"]
[WhiteElo "2294"]
[BlackElo "2456"]

1.d4 Nf6 2.c4 g6 3.Nc3 d5 4.Nf3 Bg7 5.Qb3 dxc4 6.Qxc4 O-O 7.e4 Na6 8.Be2 c5
9.d5 e6 10.O-O exd5 11.exd5 Bf5 12.Be3 Re8 13.Rad1 Qb6 14.b3 Rxe3 15.fxe3 Ng4
16.Na4 Qd8 17.e4 Bd7 18.Qc1 b5 19.Nc3 Qf6 20.Ng5 c4 21.Kh1 Nf2+ 22.Rxf2 Qxf2
23.Rf1 Qd4 24.Rxf7 Nc5 25.Rxd7 Nxd7 26.Nxb5 Qf2 27.Bxc4 Ne5 28.Nc7 Rd8 29.d6+
Kh8 30.Nge6 Rxd6 31.Bd5 Nd3 32.Qg1 Qe2 {#R} 0-1

[Event "Turkish Is Bank League"]
[Site "masterchessopen.com – Marmaris (Turkey)"]
[Date "2006.04.18"]
[Round "0"]
[White "Erdogan Hakan (TUR)"]
[Black "Laciner Kerem (TUR)"]
[Result "0-1"]
[WhiteElo "2296"]
[BlackElo "2296"]

1.d4 Nf6 2.c4 g6 3.Nc3 d5 4.Nf3 Bg7 5.Qb3 dxc4 6.Qxc4 O-O 7.e4 Na6 8.Be2 c5
9.dxc5 Be6 10.Qb5 Rc8 11.c6 Rxc6 12.Qxb7 Rb6 13.Qxa7 Nc5 14.Be3 Rxb2 15.Qxc5
Qa8 16.e5 Nd7 17.Qd4 Nxe5 18.Nxe5 Rd8 19.Bf3 Qb8 20.Qc5 Bxe5 21.O-O Rc8 22.Bc6
Bd7 23.Nd5 Bxh2+ 24.Kh1 Bd6 25.Qd4 Bxc6 26.Bh6 f6 27.Rae1 Rb5 28.Nf4 Rb4
29.Qe3 Bxf4 30.Qe6+ Kh8 31.Bg7+ Kxg7 32.Qxe7+ Kh6 33.Qxf6 Bg5 {#R} 0-1

[Event "Turkish Is Bank League"]
[Site "masterchessopen.com – Marmaris (Turkey)"]
[Date "2006.04.19"]
[Round "0"]
[White "Iotov Valentin (BUL)"]
[Black "Ates Erdem (TUR)"]
[Result "1-0"]
[WhiteElo "2503"]
[BlackElo "2097"]

1.d4 Nf6 2.c4 g6 3.Nc3 d5 4.Nf3 Bg7 5.Qb3 dxc4 6.Qxc4 O-O 7.e4 Na6 8.Be2 c5
9.d5 e6 10.O-O exd5 11.exd5 Bf5 12.Be3 Re8 13.Rad1 Ne4 14.Nxe4 Rxe4 15.Qc1 c4
16.Nd2 Re5 17.Nxc4 Rc8 18.Qd2 Re4 19.Rc1 b5 20.Na5 Rxc1 21.Rxc1 Nb4 22.d6 Qxa5
23.d7 Bxd7 24.Qxd7 Bxb2 25.Bh6 Nc6 26.Qxc6 Rf4 {#r} 1-0

[Event "Cup President"]
[Site "masterchessopen.com – Baku (Azerbaijan)"]
[Date "2006.05.06"]
[Round "3"]
[White "Abbasov Farid (AZE)"]
[Black "Sanikidze Tornike (GEO)"]
[Result "0-1"]
[WhiteElo "2444"]
[BlackElo "2418"]

1.Nf3 Nf6 2.c4 g6 3.Nc3 d5 4.d4 Bg7 5.Qb3 dxc4 6.Qxc4 O-O 7.e4 Na6 8.Be2 c5
9.d5 e6 10.O-O exd5 11.exd5 b6 12.Rd1 Nb4 13.d6 Bf5 14.Ne5 Be6 15.Qh4 Nfd5
16.Bg5 f6 17.Nf3 fxg5 18.Nxg5 h6 19.Qe4 Bf5 20.Nxd5 Bxe4 21.Ne7+ Kh8 22.Nxe4
Qe8 {#R} 0-1

[Event "Tournament (qual)"]
[Site "masterchessopen.com – Rio de Janeiro (Brazil)"]
[Date "2006.05.21"]
[Round "7"]
[White "Limp Eduardo (BRA)"]
[Black "Rosa Carlos Roberto (BRA)"]
[Result "1-0"]
[WhiteElo "2416"]
[BlackElo "2227"]

1.Nf3 Nf6 2.d4 g6 3.c4 Bg7 4.Nc3 d5 5.Qb3 dxc4 6.Qxc4 O-O 7.e4 Na6 8.Be2 c5
9.d5 e6 10.O-O exd5 11.exd5 Re8 12.Bg5 Qb6 13.Qh4 Bf5 14.Bb5 Bd7 15.Bc4 Nb4
16.Rad1 Bf5 17.d6 Nd7 18.Be7 h6 19.Rfe1 Nc2 20.Bxf7+ Kxf7 21.Qc4+ {#r} 1-0

[Event "Ch Croatia (team) (3rd league)"]
[Site "masterchessopen.com – Croatia"]
[Date "2006.10.29"]
[Round "9"]
[White "Hamer Ivan (CRO)"]
[Black "Sukunda Darko (CRO)"]
[Result "1-0"]
[WhiteElo "2092"]
[BlackElo "2125"]

1.d4 Nf6 2.c4 g6 3.Nc3 d5 4.Nf3 Bg7 5.Qb3 dxc4 6.Qxc4 O-O 7.e4 Na6 8.Be2 c5
9.d5 e6 10.O-O exd5 11.exd5 Re8 12.h3 b6 13.Be3 Nb4 14.Rad1 Ba6 15.Qb3 Bxe2
16.Nxe2 Re7 17.d6 Re6 18.Ng5 Nbd5 19.Nxe6 fxe6 20.Bf4 Ne4 21.Rxd5 exd5
22.Qxd5+ Kh8 23.Qxe4 Bxb2 24.Be5+ Bxe5 25.Qxe5+ Kg8 26.Nf4 Rc8 27.Nd5 {#r} 1-0

[Event "Ch Saarland"]
[Site "masterchessopen.com – Heusweiler (Germany)"]
[Date "2007.04.05"]
[Round "7"]
[White "Mueller Reinhold (GER)"]
[Black "Hillenbrand Alexander (GER)"]
[Result "1-0"]
[WhiteElo "2137"]
[BlackElo "2154"]

1.d4 Nf6 2.c4 g6 3.Nc3 d5 4.Nf3 Bg7 5.Qb3 dxc4 6.Qxc4 O-O 7.e4 Na6 8.Be2 c5
9.d5 e6 10.Bg5 h6 11.Bxf6 Qxf6 12.O-O exd5 13.exd5 Bd7 14.Rad1 Qb6 15.Rd2 Rfe8
16.a3 Rab8 17.h4 Qa5 18.Qf4 b5 19.Ne4 Qb6 20.Rc1 c4 21.a4 Rxe4 22.Qxe4 Nc5
23.Qf4 Nb3 24.Rcd1 Nxd2 25.Rxd2 Rc8 26.axb5 Bxb5 27.d6 c3 28.bxc3 Bxc3 29.Rc2
Bxe2 30.Rxe2 Kg7 31.Rc2 Qb3 32.Qc1 Bd2 33.Qa1+ Bc3 34.d7 {#r} 1-0

[Event "It (open) \"]
[Site "masterchessopen.com – Athens (Greece)"]
[Date "2007.11.17"]
[Round "5"]
[White "Sfougatakis Nikolaos (GRE)"]
[Black "Tourkolias Dimitrios (GRE)"]
[Result "1-0"]
[WhiteElo "2016"]
[BlackElo "1872"]

1.d4 Nf6 2.c4 g6 3.Nc3 d5 4.Nf3 Bg7 5.Qb3 dxc4 6.Qxc4 O-O 7.e4 Na6 8.Bf4 c5
9.d5 e6 10.d6 Nh5 11.e5 Nxf4 12.Qxf4 f6 13.Rd1 fxe5 14.Qd2 Bd7 15.Bc4 Nb4
16.O-O Nc6 17.Rfe1 Rxf3 18.gxf3 Nd4 19.Kg2 Qh4 20.Re4 Qh5 21.Be2 Bc6 22.Re3
Bh6 23.Ne4 Bxe3 24.fxe3 Nxe2 25.Nf6+ {#r} 1-0

[Event "Ch Mittelfranken (team) (B1) 2007/08"]
[Site "masterchessopen.com – Germany"]
[Date "2008.01.13"]
[Round "4"]
[White "Dittmar Thomas"]
[Black "Wittmann Karl (GER)"]
[Result "1-0"]
[WhiteElo "2003"]
[BlackElo "2200"]

1.d4 Nf6 2.Nf3 g6 3.c4 Bg7 4.Nc3 d5 5.Qb3 dxc4 6.Qxc4 O-O 7.e4 Na6 8.Be2 c5
9.d5 e6 10.O-O exd5 11.exd5 Re8 12.Rd1 Qb6 13.a3 Bd7 14.Qh4 h5 15.Bg5 Ng4
16.Rd2 f6 17.Bf4 g5 18.Qxh5 gxf4 19.Bc4 Qd6 20.Nb5 Bxb5 21.Bxb5 Re7 22.Qxg4
Nc7 23.Bd3 Rae8 24.Bg6 Rd8 25.Rad1 b5 26.h3 a5 27.Nh4 Re5 28.Nf5 Qd7 29.d6 Ne6
30.Ne7+ Kf8 31.Bf5 {#r} 1-0

[Event "It (open)"]
[Site "masterchessopen.com – Metz (France)"]
[Date "2008.04.24"]
[Round "6"]
[White "Blanchard Alain (FRA)"]
[Black "Maruejols Claude (FRA)"]
[Result "0-1"]
[WhiteElo "1794"]
[BlackElo "2005"]

1.d4 Nf6 2.c4 g6 3.Nc3 d5 4.Nf3 Bg7 5.Qb3 dxc4 6.Qxc4 O-O 7.e4 Na6 8.Be2 c5
9.d5 e6 10.Bf4 exd5 11.exd5 Bf5 12.Rd1 Qb6 13.O-O Qxb2 14.Nh4 Ne4 15.Nxe4 Bxe4
16.f3 Bc2 17.Rd2 Bd4+ 18.Kh1 Nb4 19.Bd6 Rfc8 20.Rxd4 b5 21.Qxb5 Qxd4 22.f4
Qxd5 23.Be5 a6 24.Qc4 Qxc4 25.Bxc4 Rd8 26.Nf3 Bd3 {#R} 0-1

[Event "It (open)"]
[Site "masterchessopen.com – Latschach (Austria)"]
[Date "2008.08.11"]
[Round "4"]
[White "Erwich Frank AS (NED)"]
[Black "Mazet Julien (FRA)"]
[Result "1-0"]
[WhiteElo "2347"]
[BlackElo "2243"]

1.d4 Nf6 2.c4 g6 3.Nc3 d5 4.Nf3 Bg7 5.Qb3 dxc4 6.Qxc4 O-O 7.e4 Na6 8.Be2 c5
9.d5 e6 10.O-O exd5 11.exd5 Bf5 12.Bf4 Re8 13.Bd3 Bxd3 14.Qxd3 Qb6 15.Rfd1 Qb4
16.Be5 c4 17.Qd4 Nh5 18.Bxg7 Nxg7 19.d6 Nf5 20.Qf4 Nc5 21.g4 Ne6 22.Qd2 Nfg7
23.a3 Qa5 24.Qh6 f6 25.Nd5 Kf7 26.Qh4 Qd8 27.Rac1 Rc8 28.d7 Qxd7 29.Nxf6 Qb5
30.Rd5 Rc5 31.Ne5+ {#r} 1-0

[Event "Ch Belgium (team) 2008/09"]
[Site "masterchessopen.com – Belgium"]
[Date "2008.12.07"]
[Round "5"]
[White "Bertrem Stijn (BEL)"]
[Black "Bolzoni Victor Angel (BEL)"]
[Result "0-1"]
[WhiteElo "2221"]
[BlackElo "2190"]

1.d4 Nf6 2.c4 g6 3.Nc3 d5 4.Nf3 Bg7 5.Qb3 dxc4 6.Qxc4 O-O 7.e4 Na6 8.Be2 c5
9.d5 e6 10.O-O exd5 11.exd5 Re8 12.Rd1 Bf5 13.Be3 Ne4 14.Nd2 Nd6 15.Qb3 Nb4
16.Rac1 a5 17.Na4 c4 18.Rxc4 Nxc4 19.Qxc4 b5 20.Qxb5 Bd7 21.Qb7 Rb8 {#R} 0-1

[Event "It (open) \"]
[Site "masterchessopen.com – Schwabisch Gmund (Germany)"]
[Date "2009.01.03"]
[Round "3"]
[White "Abbasov Farid (AZE)"]
[Black "Schulze Andreas (GER)"]
[Result "1-0"]
[WhiteElo "2572"]
[BlackElo "2226"]

1.d4 Nf6 2.c4 g6 3.Nc3 d5 4.Nf3 Bg7 5.Qb3 dxc4 6.Qxc4 O-O 7.e4 Na6 8.Be2 Nd7
9.Be3 Nb6 10.Qb3 c5 11.dxc5 Be6 12.Qb5 Bxc3+ 13.bxc3 Bd7 14.Qd3 Na4 15.Bd4
N6xc5 16.Qe3 Ne6 17.O-O Qc7 18.Ne5 b5 19.f4 Be8 20.Rac1 f6 21.f5 Nxd4 22.cxd4
Qd6 23.fxg6 hxg6 24.Nf3 Kg7 25.e5 Qd5 26.Rc7 Bd7 27.Bd3 Rac8 28.Rxa7 Rc3
29.Qe4 Qxe4 30.Bxe4 Rd8 31.e6 {#r} 1-0

[Event "It (open) \"]
[Site "masterchessopen.com – Schwabisch Gmund (Germany)"]
[Date "2009.01.04"]
[Round "5"]
[White "Mayer Arnd (GER)"]
[Black "Gheng Josef (GER)"]
[Result "0-1"]
[WhiteElo "2070"]
[BlackElo "2338"]

1.d4 Nf6 2.Nf3 g6 3.c4 Bg7 4.Nc3 d5 5.Qb3 dxc4 6.Qxc4 O-O 7.e4 Na6 8.Be2 c5
9.dxc5 Qa5 10.O-O Be6 11.Qb5 Qxb5 12.Bxb5 Nxc5 13.Re1 a6 14.Bf1 b5 15.e5 Nd5
16.Nxd5 Bxd5 17.Bg5 Rfe8 18.b3 Ne6 19.Be3 Bxf3 20.gxf3 Bxe5 21.Rac1 Bd6 22.Bh3
f5 23.Bb6 Kf7 24.Rc6 Rec8 25.Rec1 Rxc6 26.Rxc6 Ke8 27.Bg2 Kd7 28.f4 Rc8
29.Rxc8 Kxc8 30.Bd5 Nxf4 31.Bg8 Kd7 32.Bxh7 Ke8 33.Bg8 Kf8 {#R} 0-1